MyGZULibrary

Drumbeats : (Record no. 351)

MARC details
000 -LEADER
fixed length control field 01201cam a22003134a 4500
001 - CONTROL NUMBER
control field 13860640
003 - CONTROL NUMBER IDENTIFIER
control field GZU
005 - DATE AND TIME OF LATEST TRANSACTION
control field 20200721110043.0
008 - FIXED-LENGTH DATA ELEMENTS--GENERAL INFORMATION
fixed length control field 050203s2004 sa ab 000 0 eng
010 ## - LIBRARY OF CONGRESS CONTROL NUMBER
LC control number 2005352437
020 ## - INTERNATIONAL STANDARD BOOK NUMBER
International Standard Book Number 186888208X (pbk.)
040 ## - CATALOGING SOURCE
Original cataloging agency DLC
Transcribing agency DLC
Modifying agency DLC
042 ## - AUTHENTICATION CODE
Authentication code pcc
043 ## - GEOGRAPHIC AREA CODE
Geographic area code f-sa---
050 00 - LIBRARY OF CONGRESS CALL NUMBER
Classification number BR1455.C37
Item number PRE 2004
100 1# - MAIN ENTRY--PERSONAL NAME
Personal name Pretorius, H. L.
Fuller form of name (Hendrik Louwrens)
Relator term author
245 10 - TITLE STATEMENT
Title Drumbeats :
Remainder of title sounds of Zion in the Cape Flats /
Statement of responsibility, etc. Hennie Pretorius ; foreword by Marthinus Daneel.
250 ## - EDITION STATEMENT
Edition statement 1st ed.
260 ## - PUBLICATION, DISTRIBUTION, ETC.
Place of publication, distribution, etc. Pretoria :
Name of publisher, distributor, etc. University of South Africa Press,
Date of publication, distribution, etc. c2004.
300 ## - PHYSICAL DESCRIPTION
Extent xvii, 366 p. :
Other physical details ill., 1 map ;
Dimensions 22 cm.
440 #0 - SERIES STATEMENT/ADDED ENTRY--TITLE
Title African initiatives in Christian mission ;
Volume/sequential designation 10
500 ## - GENERAL NOTE
General note Includes bibliographical references (354-362) and index.
504 ## - BIBLIOGRAPHY, ETC. NOTE
Bibliography, etc. note Includes bibliographical references (354-362) and index.
650 #0 - SUBJECT ADDED ENTRY--TOPICAL TERM
Topical term or geographic name entry element Zionist churches (Africa)
Geographic subdivision South Africa
-- Cape of Good Hope
General subdivision History.
651 #0 - SUBJECT ADDED ENTRY--GEOGRAPHIC NAME
Geographic name Cape of Good Hope (South Africa)
General subdivision Church history.
906 ## - LOCAL DATA ELEMENT F, LDF (RLIN)
a 7
b cbc
c orignew
d 2
e ncip
f 20
g y-gencatlg
942 ## - ADDED ENTRY ELEMENTS (KOHA)
Source of classification or shelving scheme Library of Congress Classification
Koha item type Books
Classification part 1455.C37
Item part PRE
Call number prefix BR
Holdings
Withdrawn status Lost status Damaged status Not for loan Collection code Home library Current library Shelving location Date acquired Total Checkouts Full call number Barcode Date last seen Copy number Price effective from Koha item type
        Non-fiction City Campus Library City Campus Library General Stacks 12/06/2006   BR1455.C37 PRE 2004 G20856 07/21/2020 c. 1 07/21/2020 Books